Estatísticas para Cultura Geral

Clique aqui para jogar o quiz

Estatísticas Gerais

  • Esse quiz foi jogado 72 vezes
  • A pontuação média é 11 de 15

Estatísticas das Respostas

HintResposta% Correto
Qual é a dança típica do Brasil?Samba
97%
Quem é o atual presidente do Brasil?Jair Bolsonaro
95%
Que membro da família real morreu em um acidente de carro depois de ser perseguido por paparazzi em 1997?Princesa Diana
92%
Por que celebração é conhecido o Brasil?Carnaval
90%
O que está escrito na bandeira do Brasil?Ordem e Progresso
86%
Que guerra aconteceu entre 1945 e 1991 e tinha como protagonistas a União Soviética e os EUA?Guerra fria
83%
Quem escreveu as peças "Hamlet", "MacBeth" e "Romeu e Julieta"?William Shakespeare
83%
Quem foi o primeiro homem a ir á lua?Neil Armstrong
81%
Qual é a língua oficial da Nigéria?Inglês
76%
Qual é a bebida mais consumida no México?Tequila
68%
Qual união política o Reino Unido votou para sair em 2016, finalmente fazendo isso em 2020?União Europeia
68%
Quem foi o primeiro-ministro do Reino Unido durante a maior parte da Segunda Guerra Mundial?Winston Churchill
54%
Quem canta a música "Sweet Child o' Mine "?Guns n' Roses
51%
Que país tem Daca como capital?Bangladesh
37%
Que famoso anel de pedras foi construído em Wiltshire há pelo menos 4.000 anos?Stonehenge
12%

Distribuição das Pontuações

Percentil de Números Respondidos

Porcentagem de Pessoas com Cada Pontuação

Sua Pontuação Histórica

Você não jogou esse quiz